| 000 | 03396nam a2200229Ia 4500 | ||
|---|---|---|---|
| 003 | Ost | ||
| 005 | 20260416102400.0 | ||
| 008 | 260416s9999||||xx |||||||||||||| ||und|| | ||
| 040 | _cfsecg | ||
| 041 | _aara | ||
| 082 | _a657.96 | ||
| 100 |
_aزواتنية ، عبد القادر _eمؤلف |
||
| 245 | 0 |
_aالمعايير المحاسبية الدولية IFRSs2 : _bموجهة الى طلبة السنة اولى (01) ماستر تخصص:محاسبة و تدقيق / _cعبد القادر زواتنية |
|
| 260 |
_aالجزائر _bجامعة الجزائر3: كلية العلوم الإقتصادية، العلوم التجارية وعلوم التسيير _c2022 |
||
| 300 |
_a126 ورقة _bايضاحات _c30 سم |
||
| 504 | _aالمراجع ص.120 | ||
| 520 | _aمدخل إلى المعايير المحاسبية الدولية، معيار الابلاغ المالي الدولي رقم 1(IFRS01 ) :تبني معايير الإبلاغ المالي الدولية لأول مرة،معيار الابلاغ المالي الدولي رقم 2 (IFRS2) :المدفوعات على أساس الأسهم ، معيار الابلاغ المالي الدولي رقم 3 (IFRS3 ) :اندماج الأعمال،معيار الابلاغ المالي الدولي رقم 5 (IFRS5 ): الاصول غير المتداولة المحتفظ بها للبيع و العمليات المتوقفة ، معيار الابلاغ المالي الدولي رقم 6 (IFRS6 ) :الكشف عن المصادر المعدنية (الطبيعية) و تقييمها ، معيار الابلاغ المالي الدولي رقم 6 (IFRS6) ، معيار الابلاغ المالي الدولي رقم 6 (IFRS6 ) ، معيار الابلاغ المالي الدولي رقم 7 (IFRS7 ) : الادوات المالية : الافصاحات ، معيار الابلاغ المالي الدولي رقم 8 (IFRS8) :القطاعات التشغيلية ،معيار الابلاغ المالي الدولي رقم 9 (IFRS9): الادوات المالية ، معيار الابلاغ المالي الدولي رقم 10 (IFRS10) القوائم المالية الموحدة:، معيار الابلاغ المالي الدولي رقم 11(IFRS11) :الترتيبات المشتركة، معيار الابلاغ المالي الدولي رقم 12 (IFRS12) :الافصاح عن المصالح في المنشآت الاخرى، معيار الابلاغ المالي الدولي رقم 13 (IFRS13) :قياس القيمة العادلة ، معيار الابلاغ المالي الدولي رقم 14(IFRS14) :الحسابات القانونية المؤجلة (الحسابات المؤجلة الناتجة عن تحديد الأسعار تنظيميا)،معيار الابلاغ المالي الدولي رقم 15 (IFRS15):الايراد من العقود مع العملاء ، معيار الابلاغ المالي الدولي رقم 16 (IFRS16) :عقود الايجار ،معيار الابلاغ المالي الدولي رقم 17 (IFRS17) :عقود التأمين . | ||
| 653 | _aمعايير الابلاغ المالي الدولية IFRS | ||
| 653 | _aمعايير المحاسبة الدولية | ||
| 710 |
_aجامعة الجزائر3: كلية العلوم الإقتصادية، العلوم التجارية وعلوم التسيير _eناشر علمي |
||
| 942 | _cHANDOUT | ||
| 999 |
_c41374 _d41374 |
||